000 00526nam a2200193 a 4500
001 1767850082178
003 YourLibrary
005 20260108105922.0
008 260108s2006##################000#0#eng##
020 _a9783805578400
082 0 4 _a617.74
_bMEY
100 1 _aMeyer, Peter,
_eauthor.
245 1 0 _aStereoatlas of Ophthalmic Pathology :
260 _bKarger Medical and Scientific Publishers,
_c2006.
300 _a177 pages
650 0 _aMedical.
942 _cENGLISH
040 _aYourLibrary
_beng
_cYourLibrary
999 _c607637
_d607637